A study of opinion regarding marriage and divorce (Record no. 369937)

000 -LEADER
fixed length control field 00354cam a22001217a 4500
008 - FIXED-LENGTH DATA ELEMENTS--GENERAL INFORMATION
fixed length control field 180718b1957 xxu||||| |||| 00| 0 eng d
082 ## - DEWEY DECIMAL CLASSIFICATION NUMBER
Classification number B141x54 K965
100 ## - MAIN ENTRY--PERSONAL NAME
Personal name Kuppuswamy, B.
245 ## - TITLE STATEMENT
Title A study of opinion regarding marriage and divorce
Statement of responsibility, etc. by B. Kuppuswamy
260 ## - PUBLICATION, DISTRIBUTION, ETC.
Place of publication, distribution, etc. Bombay
Name of publisher, distributor, etc. Asia
Date of publication, distribution, etc. 1957
300 ## - PHYSICAL DESCRIPTION
Extent 71p.
650 ## - SUBJECT ADDED ENTRY--TOPICAL TERM
Topical term or geographic name entry element Marriage and Divorce - India
Holdings
Withdrawn status Lost status Damaged status Not for loan Permanent Location Current Location Date acquired Full call number Barcode Date last seen Price effective from Koha item type
        Indian Institute of Public Administration Indian Institute of Public Administration 1994-06-03 B141x54 K965 6254 2018-07-21 2018-07-21 Book

Powered by Koha